000 00527cam a22001451 4500
082 _a621.381528
_bDES
_cL-11, P-131
245 1 0 _aDesign manual for transistor circuits
_c[editied by] John M. Carroll.
260 _aNew York,
_bMcGraw-Hill,
_c1961.
300 _ax, 381 p.
_billus.
_c29 cm.
500 _a"Articles ... published in Electronics magazine during 1958, 1959, and 1960."
526 _a0
_b0
_c0
_d621_381528000000000_DES
650 0 _aTransistor circuits.
_941606
700 1 _aCarroll, John M.
_941607
942 _2ddc
_cBK
999 _c545670
_d545670